Statystyki dla CO MOŻNA UKISIĆ?

Kliknij tutaj aby rozwiązać quiz!

Ogólne statystyki

  • Ten quiz został rozwiązany 37 razy
  • Średni wynik to 3 z 5

Statystyki odpowiedzi

Odpowiedź% Poprawnych
OGÓRKI
94%
KAPUSTĘ
81%
GRZYBY
41%
BURAKI
38%
MĄKĘ
0%

Rozkład punktacji

Percentyl według liczby udzielonych odpowiedzi

Procent ludzi z każdym wynikiem

Twoja historia wyników

Nie rozwiązałeś tego quizu